Central Library OPAC University of Rajshahi

Rice in the tropics : (Record no. 37140)

MARC details
000 -LEADER
fixed length control field 01028nam a2200313 i 4500
001 - CONTROL NUMBER
control field 37140
003 - CONTROL NUMBER IDENTIFIER
rucl marc code BD-RjUL
005 - DATE AND TIME OF LATEST TRANSACTION
control field 20211209052600.0
008 - FIXED-LENGTH DATA ELEMENTS--GENERAL INFORMATION
fixed length control field 141019s1979 coua b 001 0 eng
020 ## - INTERNATIONAL STANDARD BOOK NUMBER
International Standard Book Number 0891583610 :
-- 0891583629
035 ## - SYSTEM CONTROL NUMBER
System control number (BD-RjUL)37242
040 ## - CATALOGING SOURCE
Original cataloging agency DLC
Transcribing agency DLC
Modifying agency DLC
-- BD-RjUL
Language of cataloging eng
041 ## - LANGUAGE CODE
Language code of text/sound track or separate title eng
082 00 - DEWEY DECIMAL CLASSIFICATION NUMBER
Classification number 338.18
Author mark and year CHR 1979
100 1# - MAIN ENTRY--PERSONAL NAME
Personal name Chandler, Robert F.
Fuller form of name (Robert Flint),
Dates associated with a name 1907-
9 (RLIN) 113572
245 10 - TITLE STATEMENT
Title Rice in the tropics :
Remainder of title a guide to the development of national programs /
Statement of responsibility, etc. Robert F. Chandler, Jr.
260 ## - PUBLICATION, DISTRIBUTION, ETC. (IMPRINT)
Place of publication, distribution, etc. Boulder, Colo. :
Name of publisher, distributor, etc. Westview Press,
Date of publication, distribution, etc. 1979.
300 ## - PHYSICAL DESCRIPTION
Pagination xix, 256 p. :
Illustrations ill. ;
Size 24 cm.
490 1# - SERIES STATEMENT
Series statement IADS development-oriented literature series
500 ## - GENERAL NOTE
General note Includes index.
504 ## - BIBLIOGRAPHY, ETC. NOTE
Bibliography, etc Bibliography: p. 229-247.
650 #0 - SUBJECT ADDED ENTRY--TOPICAL TERM
Topical term or geographic name as entry element Rice.
9 (RLIN) 46490
Topical term or geographic name as entry element Agriculture and state.
9 (RLIN) 11547
Topical term or geographic name as entry element Rice
General subdivision Tropics.
9 (RLIN) 113573
830 #0 - SERIES ADDED ENTRY--UNIFORM TITLE
Uniform title IADS development-oriented literature series.
942 ## - ADDED ENTRY ELEMENTS (KOHA)
Source of classification or shelving scheme Dewey Decimal Classification
Koha item type Books
Holdings
Lost status Source of classification or shelving scheme Damaged status Not for loan Permanent Location Current Location Shelving location Date acquired Source of acquisition Total Checkouts Full call number Date last seen Copy number Koha item type
  Dewey Decimal Classification   Not For Loan Institute of Biological Sciences (IBSc) Library Institute of Biological Sciences (IBSc) Library   19/10/2014 British Council   338.18 CHR 1979 19/10/2014 C-1 Books